000 00883nam a2200253Ia 4500
003 OSt
005 20220923222131.0
006 a|||||r|||| 00| 0
007 ta
008 220922b |||||||| |||| 00| 0 ben d
024 _a203,261
037 _cTextual
040 _aARTS
_cARTS
_bben
041 _2ben
_aben
082 _aO157,3N094,SK, 152M5
100 _aआशापूर्णा, देवी; खरे, ममता, अनु.
_9166046
245 0 _aसमय का स्वर
246 _aSamaya kā svara
260 _aइलाहाबाद
_b रवीन्द्र प्रका0
_c1985
300 _a88पृ0
_ccm.
650 _aबंगाली कहानी
942 _hO157,3N094,SK, 152M5
_cTEXL
_2CC
999 _c354013
_d354013